000 00718nam a2200217Ia 4500
001 21975
003 GE_BSU
008 181216s||||||||xx |||||||||||||| ||und||
040 _cGE_BSU
080 _aპერიოდიკა
245 _aРеферативный журнал, №11. 2017. Биология.
245 _bРаздел. Ботаника.Высшие растения.
245 _cгл.ред.РАН Р.В.Петров и др.
260 _aМосква
260 _c2017
300 _a32 стр. 30см. илл.
653 _aПериодика
653 _aРеферативный журнал, №11. 2017. Биология.
653 _aპერიოდიკა
942 _cCR
999 _c54905
_d54905